| Tag |
First Indicator |
Second Indicator |
Subfields |
| LEADER |
00000cam a2200000La 4500 |
| 001 |
in00001744813 |
| 005 |
20220105120744.0 |
| 006 |
m u |
| 007 |
cr cn--------- |
| 008 |
020613s2001 txu srq 001 0 eng d |
| 020 |
|
|
|a 1891775456 (electronic bk.)
|
| 035 |
|
|
|a (OCoLC)ocm50175360
|
| 040 |
|
|
|a N$T
|c N$T
|d OCLCQ
|d UtOrBLW
|
| 043 |
|
|
|a n-us---
|
| 049 |
|
|
|a IICA
|
| 050 |
1 |
4 |
|a HF5429.3
|b .P57 2001eb
|
| 245 |
0 |
0 |
|a Plunkett's retail industry almanac 2001-2002 :
|b the only comprehensive guide to retail companies and trends /
|c [editor] Jack W. Plunkett.
|
| 246 |
3 |
0 |
|a Retail industry almanac 2001-2002
|
| 264 |
|
1 |
|a Houston, Tex. :
|b Plunkett Research,
|c [2001]
|
| 264 |
|
4 |
|c ©2001
|
| 300 |
|
|
|a 598 pages ;
|c 28 cm.
|
| 336 |
|
|
|a text
|b txt
|2 rdacontent
|
| 337 |
|
|
|a computer
|b c
|2 rdamedia
|
| 338 |
|
|
|a online resource
|b cr
|2 rdacarrier
|
| 500 |
|
|
|a Includes index.
|
| 533 |
|
|
|a Electronic reproduction.
|b Boulder, Colo. :
|c NetLibrary,
|d 2002.
|n Available via World Wide Web.
|n Access may be limited to NetLibrary affiliated libraries.
|
| 500 |
|
|
|a Electronic resource.
|
| 650 |
|
0 |
|a Retail trade
|z United States.
|0 http://id.loc.gov/authorities/subjects/sh2008110761
|
| 650 |
|
0 |
|a Retail trade
|z United States
|v Directories.
|0 http://id.loc.gov/authorities/subjects/sh2010110949
|
| 650 |
|
0 |
|a Retail trade
|z United States
|v Statistics.
|
| 655 |
|
7 |
|a Electronic books.
|2 local
|
| 700 |
1 |
|
|a Plunkett, Jack W.
|0 http://id.loc.gov/authorities/names/n85025988
|
| 710 |
2 |
|
|a NetLibrary, Inc.
|0 http://id.loc.gov/authorities/names/no99080690
|
| 710 |
2 |
|
|a Plunkett Research, Ltd.
|0 http://id.loc.gov/authorities/names/no97037887
|
| 856 |
4 |
1 |
|u https://proxy.library.tamu.edu/login?url=http://www.netLibrary.com/urlapi.asp?action=summary&v=1&bookid=68048
|z Connect to the full text of this electronic book
|t 0
|
| 994 |
|
|
|a X0
|b IIC
|
| 999 |
|
|
|a MARS
|
| 999 |
f |
f |
|s 24e16e29-e35e-33d1-9a57-e7b02171c428
|i eb6c8c26-e26e-3038-add1-aa76dfe32872
|t 0
|
| 952 |
f |
f |
|a Texas A&M University
|b College Station
|c Electronic Resources
|d Available Online
|t 0
|e HF5429.3 .P57 2001eb
|h Library of Congress classification
|
| 998 |
f |
f |
|a HF5429.3 .P57 2001eb
|t 0
|l Available Online
|